| 000 | nam a22 a 4500 | ||
|---|---|---|---|
| 999 |
_c171853 _d171853 |
||
| 003 | BLK | ||
| 005 | 20220422160628.0 | ||
| 008 | 180411b bul|||||r ||||||| ||bul|| | ||
| 010 | _aKNG00180144000 | ||
| 040 | _aBLK | ||
| 041 |
_aBUL _cBUL |
||
| 080 |
_aПолевъдство. Полски култури и производството им _b633 _x(02.062) _z633(02.062) |
||
| 100 | 1 |
_aПетров, Славчо _eпърви автор _9369487 |
|
| 139 |
_aПетров, Славчо _bП 47 |
||
| 245 | 1 | 0 |
_aРастения, които ни хранят и обличат _bНауч.-попул. четиво _cСлавчо Петров; * Славчо Петров Попилиев. |
| 250 | _a2. изд. | ||
| 257 | _aBGR | ||
| 260 |
_aСофия _bНар. младеж _c1964 |
||
| 300 |
_a128 с. _bс ил. _c25 см _eил. (4 л.) |
||
| 380 | _a63 | ||
| 490 |
_aБиблиотека за политехнически знания _v№ 22 _9205194 |
||
| 500 | _aПълното име на първия авт. е Славчо Петров Попилиев. - 1. изд. 1959. - 5 000 тир. | ||
| 650 | 4 |
_aСелскостопански култури _9286996 |
|
| 653 | _aселскостопански култури | ||
| 700 | 1 |
_aПопилиев, Славчо Петров _e* _9307236 |
|
| 852 |
_aЦб 30697 _bЦб |
||
| 856 | 4 | _qpdf | |
| 856 | 4 | _qpdf | |
| 942 |
_cKNG _n0 _s1 |
||
| 944 |
_aCR _c21.08.2015 _lф / _kЛюдмила_Стоянова |
||
| 944 |
_aED _c28.09.2017 _lф / _kВася_Ганчева |
||